[Event "FIDE World Cup 2023"]
[Site "Baku AZE"]
[Date "2023.07.31"]
[Round "1.2"]
[White "Kobo, Ori"]
[Black "Dragnev, Valentin"]
[Result "1/2-1/2"]
[WhiteTitle "GM"]
[BlackTitle "GM"]
[WhiteElo "2548"]
[BlackElo "2576"]
[WhiteFideId "2812320"]
[BlackFideId "1634852"]
[EventDate "2023.07.30"]
[EventType "k.o."]

1. c4 e6 2. g3 d5 3. Bg2 Nf6 4. Nf3 Be7 5. O-O O-O 6. d4 c6 7. Nc3 a5 8. Ne5
Nbd7 9. Bf4 Nh5 10. Be3 Nhf6 11. h3 Nxe5 12. dxe5 Nd7 13. f4 b6 14. cxd5 cxd5
15. Bd4 Ba6 16. Rf2 Nc5 17. f5 exf5 18. Rxf5 Bc8 19. Rf2 Bb7 20. e3 Qd7 21. Kh2
Qe6 22. Ne2 Ne4 23. Bxe4 dxe4 24. Nf4 Qh6 25. Qb3 Bd8 26. Raf1 a4 27. Qc4 Ba6
28. Qxa4 Bg5 29. Rc1 Bxf4 30. gxf4 Qh4 31. Qc2 Rad8 32. Qd2 Bc8 33. f5 Qh5 34.
Rcf1 Rfe8 35. Qe1 g6 36. Bxb6 Rd3 37. e6 fxe6 38. fxg6 e5 39. gxh7+ Kxh7 40.
Rf7+ Kh8 41. Rf8+ Kh7 42. R8f7+ Kh8 43. Qg3 Rd2+ 44. Kg1 Qxf7 45. Rxf7 Rg8 46.
Qxg8+ Kxg8 47. Rf2 Rd6 48. Bc5 Rc6 49. b4 Bxh3 50. Kh2 Bg4 51. Rg2 Rg6 52. b5
Kf7 53. Ba7 Bd7 54. Rb2 Rh6+ 55. Kg1 Rg6+ 56. Kf2 Rh6 57. Rb4 Bxb5 58. Rxb5 Rh2+
59. Kg3 Rxa2 60. Bb6 Ra6 61. Bc7 Ra3 62. Kf2 Ra2+ 63. Ke1 Ra1+ 64. Kd2 Ra2+ 65.
Kd1 Ra3 66. Kd2 Ra2+ 67. Kc3 Re2 68. Bb6 Ke6 69. Rb2 Re1 70. Kc4 Rc1+ 71. Kb5
Rf1 72. Kc6 Rc1+ 73. Bc5 Rc3 74. Rh2 Rd3 75. Rh8 Rc3 76. Re8+ Kf5 77. Kb5 Kf6
78. Kb4 Rd3 79. Kc4 Rd1 80. Bb6 Rd6 81. Kc5 Rd3 82. Kc6 Kf5 83. Rd8 Rb3 84. Rd6
Rd3 85. Kd7 Rb3 86. Ke7 Rb5 87. Rf6+ Kg4 88. Kf7 Kg5 89. Kg7 Rb3 90. Ba7 Rb7+
91. Rf7 Rb3 92. Kf8 Ra3 93. Bc5 Rc3 94. Bb6 Rb3 95. Ba7 Ra3 96. Re7 Kf6 97. Rc7
Rd3 98. Rc6+ Kf5 99. Ke7 Ra3 100. Bb6 Rb3 101. Rh6 Rb5 102. Bc7 Rb3 103. Rf6+
Kg4 104. Ke6 Rxe3 105. Kxe5 Rf3 106. Rg6+ Kh5 107. Rg1 e3 108. Ke4 Rf7 109. Bf4
e2 110. Kf3 e1=Q 111. Rxe1 Kg6 112. Kg4 Rf6 113. Be5 Ra6 114. Re4 Rb6 115. Bd4
Rb1 116. Kf4 Rf1+ 117. Ke5 Rf5+ 118. Ke6 Ra5 119. Be5 Ra6+ 120. Bd6 Kg5 121. Rd4
Rb6 122. Rd3 Ra6 123. Rg3+ Kh4 124. Rg1 Rb6 125. Ke5 Ra6 126. Kf4 Kh3 127. Kf3
Kh4 128. Bf4 Kh5 129. Rg5+ Kh4 130. Rd5 Rf6 131. Rc5 Rf7 132. Rc6 Rf5 133. Rh6+
Rh5 134. Rg6 Ra5 135. Rb6 Rc5 136. Rg6 Ra5 137. Rc6 Rb5 138. Rc1 Kh5 139. Rg1
Ra5 140. Ke4 Ra8 141. Rg5+ Kh4 142. Rg7 Rc8 143. Be5 Rf8 144. Rg6 Kh5 145. Rg2
Rf7 146. Bf4 Ra7 147. Kf3 Ra5 148. Rg8 Rb5 149. Ke4 Rb7 150. Be5 Rf7 151. Kd5
Rf5 152. Ke6 Rg5 153. Rh8+ Kg4 154. Bf6 Rh5 155. Rb8 Ra5 156. Rb4+ Kf3 157. Be5
Ra8 158. Kf5 Rf8+ 159. Bf6 Re8 160. Rb3+ 1/2-1/2

[Event "FIDE World Cup 2023"]
[Site "Baku AZE"]
[Date "2023.07.31"]
[Round "1.2"]
[White "Tin, Jingyao"]
[Black "Baklan, Vladimir"]
[Result "1-0"]
[WhiteTitle "GM"]
[BlackTitle "GM"]
[WhiteElo "2573"]
[BlackElo "2550"]
[WhiteFideId "5804418"]
[BlackFideId "14102196"]
[EventDate "2023.07.30"]
[EventType "k.o."]

1. d4 Nf6 2. c4 e6 3. Nc3 Bb4 4. e3 O-O 5. Bd3 c5 6. a3 cxd4 7. axb4 dxc3 8. Nf3
d6 9. O-O e5 10. Qc2 h6 11. Be2 Qc7 12. Qxc3 Bg4 13. h3 Bh5 14. b3 Nbd7 15. Bb2
a6 16. Rfd1 Rad8 17. Qe1 Rfe8 18. Nh4 Bxe2 19. Qxe2 g6 20. Nf3 Qb6 21. Bc3 Ne4
22. Be1 Qc7 23. Nh2 f5 24. Nf1 Nf8 25. Ra5 Ne6 26. Qb2 Qc6 27. Qe2 Rd7 28. Qd3
Nc7 29. Nd2 b6 30. Raa1 Nf6 31. Rac1 Red8 32. Qe2 Ne6 33. Nb1 Qb7 34. Nc3 Nc7
35. Rc2 Kf7 36. Rcd2 d5 37. Qf3 Qc6 38. Ra2 Qe6 39. cxd5 Nfxd5 40. Nxd5 Rxd5 41.
Rc1 Qd7 42. Qe2 Rd1 43. Qc4+ Ne6 44. Rxa6 Rxc1 45. Qxc1 Qd1 46. Qxd1 Rxd1 47.
Kf1 b5 48. Rb6 Rd5 49. h4 h5 50. Ke2 e4 51. Rb7+ Kf8 52. Bd2 f4 53. exf4 Nd4+
54. Kf1 Nf5 55. Be3 Nxh4 56. Bc5+ Kg8 57. Re7 Rd3 58. Rxe4 Rxb3 59. g3 Nf5 60.
Re6 Kf7 61. Rb6 h4 62. gxh4 Nxh4 63. Rxb5 Ke6 64. Be3 Nf5 65. Ke2 Nd6 66. Re5+
Kd7 67. Bc5 Nb7 68. Re7+ Kc6 69. Re6+ Kd5 70. Re5+ Kc6 71. Be7 Kd7 72. f3 Rc3
73. Kf2 Rc8 74. Kg3 Re8 75. Bc5 Rxe5 76. fxe5 Nd8 77. b5 Ne6 78. Be3 Nc7 79. b6
Ne6 80. Kg4 Kc6 81. f4 Kd7 82. f5 gxf5+ 83. Kxf5 Nd8 84. Kf6 Ke8 85. e6 Nb7 86.
Ke5 Ke7 87. Bg5+ Ke8 88. Kd5 Na5 89. Bh4 Kf8 1-0

[Event "FIDE World Cup 2023"]
[Site "Baku AZE"]
[Date "2023.07.31"]
[Round "1.2"]
[White "Iskandarov, Misratdin"]
[Black "Cheng, Bobby"]
[Result "0-1"]
[WhiteTitle "GM"]
[BlackTitle "GM"]
[WhiteElo "2551"]
[BlackElo "2572"]
[WhiteFideId "13400312"]
[BlackFideId "4300033"]
[EventDate "2023.07.30"]
[EventType "k.o."]

1. e4 e6 2. d4 d5 3. exd5 exd5 4. Nf3 Bd6 5. Bd3 Ne7 6. O-O Nbc6 7. c3 O-O 8.
Re1 Bf5 9. Bg5 f6 10. Bh4 g5 11. Bg3 Kg7 12. Bxd6 Qxd6 13. Bxf5 Nxf5 14. Na3
Nce7 15. Qb3 c6 16. Nc2 Qd7 17. Ne3 Nd6 18. Qc2 Ng6 19. Nd2 f5 20. Nef1 Rae8 21.
Rad1 f4 22. Nf3 Ne4 23. N1d2 Qf5 24. Ne5 Nxe5 25. dxe5 Nc5 26. Qxf5 Rxf5 27. c4
Nd3 28. Rf1 Nxe5 29. cxd5 cxd5 30. Nb3 Nc6 31. Rd2 Rfe5 32. f3 Kf7 33. Rfd1 Re1+
34. Kf2 R8e2+ 35. Rxe2 Rxd1 36. Rc2 Ke7 37. Ke2 Rg1 38. Kf2 Rd1 39. Ke2 Rh1 40.
h3 Kd6 41. Rd2 Rg1 42. Kf2 Rb1 43. Ke2 a6 44. a3 Ne5 45. Rc2 Rg1 46. Kf2 Rb1 47.
Ke2 Nc4 48. Nd2 Rg1 49. Nxc4+ dxc4 50. Kf2 Rb1 51. Rxc4 Rxb2+ 52. Kg1 b5 53.
Rd4+ Kc5 54. Re4 Ra2 55. Re5+ Kc4 56. Rxg5 Rxa3 57. Rf5 b4 58. Rxf4+ Kc3 59. Rf6
b3 60. Rc6+ Kd3 61. Rb6 a5 62. f4 Ke4 63. Kf2 Kxf4 64. Ke2 a4 65. Kd2 Ra2+ 66.
Kc1 Kg3 67. Kb1 Rxg2 68. Rb4 Ra2 69. Rb5 Kh4 70. Rb7 h5 71. Rb5 Rg2 72. Ra5 Rg5
73. Rxa4+ Kxh3 74. Rb4 Rg3 75. Kc1 Rd3 76. Rb8 h4 77. Rg8 Kh2 0-1

[Event "FIDE World Cup 2023"]
[Site "Baku AZE"]
[Date "2023.07.31"]
[Round "1.2"]
[White "Erdos, Viktor"]
[Black "Nasuta, Grzegorz"]
[Result "1-0"]
[WhiteTitle "GM"]
[BlackTitle "GM"]
[WhiteElo "2571"]
[BlackElo "2552"]
[WhiteFideId "719978"]
[BlackFideId "1141686"]
[EventDate "2023.07.30"]
[EventType "k.o."]

1. e4 c5 2. Nf3 d6 3. d4 cxd4 4. Nxd4 Nf6 5. Nc3 a6 6. Bd3 g6 7. f3 Qb6 8. a3
Nc6 9. Be3 e5 10. Nf5 Qd8 11. Ng3 Be6 12. Qd2 h5 13. O-O-O Rc8 14. Kb1 Bg7 15.
Rhe1 O-O 16. Bh6 Nh7 17. Nf1 Bxh6 18. Qxh6 h4 19. Qd2 Qg5 20. Ne3 Nf6 21. g3 Nh5
22. Rg1 Nd4 23. Rdf1 Bh3 24. f4 Qh6 25. Rf2 Kh7 26. Ncd5 Be6 27. c3 Nb3 28. Qd1
Nc5 29. Bc2 Kh8 30. f5 Bxd5 31. Nxd5 Ng7 32. gxh4 Qxh4 33. Rfg2 Nxe4 34. Rg4 Qf2
35. Bxe4 Nxf5 36. Rf1 Ne3 37. Nxe3 Qxe3 38. Qxd6 Qh6 39. Qf6+ Qg7 40. Qh4+ Kg8
41. Rxg6 1-0

[Event "FIDE World Cup 2023"]
[Site "Baku AZE"]
[Date "2023.07.31"]
[Round "1.2"]
[White "Quesada Perez, Luis Ernesto"]
[Black "Can, Emre"]
[Result "1/2-1/2"]
[WhiteTitle "GM"]
[BlackTitle "GM"]
[WhiteElo "2553"]
[BlackElo "2570"]
[WhiteFideId "3520773"]
[BlackFideId "6302181"]
[EventDate "2023.07.30"]
[EventType "k.o."]

1. c4 e6 2. Nc3 d5 3. d4 c6 4. e4 dxe4 5. Nxe4 Bb4+ 6. Nc3 e5 7. a3 Bxc3+ 8.
bxc3 Qa5 9. Bd2 Nf6 10. Nf3 Nbd7 11. Be2 Ne4 12. Bd3 Nxd2 13. Qxd2 O-O 14. O-O
exd4 15. cxd4 Qxd2 16. Nxd2 Nf6 17. h3 Rd8 18. Nf3 b6 19. a4 Ba6 20. Rfb1 c5 21.
a5 cxd4 22. axb6 axb6 23. Rxb6 Bb7 24. Rxa8 Bxa8 25. Ne5 Kf8 26. f3 Re8 27. Ng4
Nxg4 28. hxg4 Ke7 29. Ra6 Rb8 30. Ra7+ Ke8 31. Rc7 g6 32. Kf1 Bb7 33. Ke2 Bc8
34. Be4 Be6 35. Kd3 Rb2 36. g5 Rxg2 37. Rc5 Ke7 38. Kxd4 h5 39. gxh6 Rh2 40.
Rc7+ Kf6 41. c5 Rxh6 42. Rb7 Rh1 43. Rb1 Rxb1 44. Bxb1 g5 45. Be4 Ke7 46. f4
gxf4 47. Ke5 f6+ 1/2-1/2

[Event "FIDE World Cup 2023"]
[Site "Baku AZE"]
[Date "2023.07.31"]
[Round "1.2"]
[White "Peralta, Fernando"]
[Black "Nesterov, Arseniy"]
[Result "1/2-1/2"]
[WhiteTitle "GM"]
[BlackTitle "GM"]
[WhiteElo "2568"]
[BlackElo "2554"]
[WhiteFideId "105309"]
[BlackFideId "24198455"]
[EventDate "2023.07.30"]
[EventType "k.o."]

1. d4 d5 2. c4 e6 3. Nc3 Nf6 4. cxd5 exd5 5. Bg5 c6 6. e3 Be7 7. Bd3 O-O 8. Nge2
Re8 9. O-O Nbd7 10. Qc2 Nf8 11. Rae1 Ng6 12. Ng3 Bd7 13. f3 Rc8 14. Qb1 Bf8 15.
e4 h6 16. Bxf6 Qxf6 17. e5 Qh4 18. Nce2 Nf4 19. Bh7+ Kh8 20. Bf5 Be6 21. Bxe6
fxe6 22. Kh1 c5 23. Nxf4 Qxf4 24. Nh5 Qg5 25. g4 cxd4 26. a3 Qd2 27. Rd1 Qc2 28.
Nf4 Qxb1 29. Rxb1 g5 30. Nd3 Rc2 31. Rbc1 Rc4 32. Rce1 Be7 33. Re2 Kh7 34. Kg2
b5 35. Kg3 a5 36. Ref2 Rf8 37. f4 gxf4+ 38. Rxf4 Rxf4 39. Rxf4 Kg8 40. h4 b4 41.
axb4 axb4 42. g5 hxg5 43. hxg5 Kg7 44. Kg4 Rc2 45. Rf2 b3 46. Kh5 Rxf2 47. Nxf2
Bf8 48. Nd3 Kf7 1/2-1/2

[Event "FIDE World Cup 2023"]
[Site "Baku AZE"]
[Date "2023.07.31"]
[Round "1.2"]
[White "Le, Tuan Minh"]
[Black "Asadli, Vugar"]
[Result "1-0"]
[WhiteTitle "GM"]
[BlackTitle "GM"]
[WhiteElo "2557"]
[BlackElo "2567"]
[WhiteFideId "12401153"]
[BlackFideId "13405764"]
[EventDate "2023.07.30"]
[EventType "k.o."]

1. d4 Nf6 2. Nf3 d5 3. c4 c6 4. g3 e6 5. Bg2 Be7 6. O-O O-O 7. Qc2 b6 8. Nbd2
Bb7 9. e4 Na6 10. b3 Rc8 11. Bb2 Nb4 12. Qb1 a5 13. Re1 Qc7 14. e5 Nd7 15. a3
Na6 16. Bf1 Rfd8 17. cxd5 cxd5 18. Bd3 Nf8 19. Qd1 Qb8 20. h4 Nc7 21. Ng5 Ba6
22. Bb1 Rd7 23. Qh5 g6 24. Qf3 Bd8 25. Qe3 Ne8 26. Ndf3 Ng7 27. Kg2 Rc6 28. Bc1
Rdc7 29. Bd2 h5 30. Qf4 Qc8 31. a4 Qd7 32. b4 axb4 33. Bxb4 Qe8 34. Nh3 Be7 35.
Bd2 Bc4 36. g4 Nh7 37. gxh5 Nxh5 38. Qg4 Qf8 39. Nf4 Nxf4+ 40. Bxf4 Qg7 41. Kh2
Kf8 42. h5 g5 43. Rg1 Be2 44. Bxh7 Qxh7 45. Bxg5 Rc3 46. Be3 f5 47. exf6 Bxf6
48. Rae1 Rg7 49. Qh3 Rxg1 50. Rxg1 Qf5 51. Qxf5 exf5 52. Rg6 Kf7 53. Ng5+ Ke7
54. Nh7 Bh8 55. h6 f4 56. Bxf4 Bxd4 57. Ng5 Bg4 58. h7 Bf5 59. Rxb6 Rc8 60. Rb7+
Kf6 61. Kg3 Kg6 62. Nf3 Bh8 63. Nh4+ Kf6 64. Nxf5 Kxf5 65. a5 Rc3+ 66. f3 Kg6
67. Rb8 1-0

[Event "FIDE World Cup 2023"]
[Site "Baku AZE"]
[Date "2023.07.31"]
[Round "1.2"]
[White "Laurusas, Tomas"]
[Black "Mchedlishvili, Mikheil"]
[Result "1/2-1/2"]
[WhiteTitle "GM"]
[BlackTitle "GM"]
[WhiteElo "2566"]
[BlackElo "2561"]
[WhiteFideId "12803731"]
[BlackFideId "13600966"]
[EventDate "2023.07.30"]
[EventType "k.o."]

1. d4 Nf6 2. c4 e6 3. Nf3 d5 4. Nc3 c6 5. e3 Nbd7 6. Be2 Bd6 7. O-O O-O 8. b3 b6
9. Bb2 Bb7 10. a4 Re8 11. Qc2 a5 12. Rad1 Qe7 13. e4 Nxe4 14. Nxe4 dxe4 15. Qxe4
Nf8 16. Qg4 f6 17. Bd3 Qf7 18. Rfe1 Rad8 19. Bc3 c5 20. dxc5 Bxc5 21. Bc2 Bc8
22. Qh4 Rxd1 23. Rxd1 e5 24. Be4 Bb7 25. Bxb7 Qxb7 26. Ne1 Ne6 27. Qh5 Qc6 28.
Kf1 Re7 29. Qe2 Rd7 30. Rxd7 Qxd7 31. Qe4 Bd4 32. Bxd4 Nxd4 33. Qd3 Qc6 34. Nc2
Nxc2 1/2-1/2

[Event "FIDE World Cup 2023"]
[Site "Baku AZE"]
[Date "2023.07.31"]
[Round "1.2"]
[White "Kaidanov, Gregory"]
[Black "Karthik, Venkataraman"]
[Result "0-1"]
[WhiteTitle "GM"]
[BlackTitle "GM"]
[WhiteElo "2563"]
[BlackElo "2565"]
[WhiteFideId "2008564"]
[BlackFideId "25006479"]
[EventDate "2023.07.30"]
[EventType "k.o."]

1. e4 e5 2. Nf3 Nc6 3. Bc4 Bc5 4. d3 Nf6 5. Bg5 h6 6. Bh4 d6 7. c3 a6 8. Nbd2
Ba7 9. O-O Qe7 10. Re1 g5 11. Bg3 Nd7 12. d4 h5 13. h3 g4 14. Nh4 Nf6 15. Bd5
gxh3 16. Nc4 Rg8 17. Qf3 Bg4 18. Qd3 Bd7 19. Bxc6 bxc6 20. dxe5 Ng4 21. Re2 dxe5
22. Rd1 Be6 23. Na5 Qf6 24. Nxc6 Nxf2 25. Bxf2 Bxf2+ 26. Rxf2 Qxh4 27. Rfd2
Rxg2+ 28. Rxg2 hxg2 29. Kxg2 f6 30. Rh1 Qg5+ 31. Kf2 Kf7 32. Nd8+ Rxd8 33. Qxd8
Qf4+ 34. Kg2 Qxe4+ 35. Kh2 Qe2+ 36. Kg1 h4 37. Qxc7+ Kg6 38. Qc5 Qe1+ 39. Kg2
h3+ 40. Rxh3 Qe2+ 0-1

[Event "FIDE World Cup 2023"]
[Site "Baku AZE"]
[Date "2023.07.31"]
[Round "1.2"]
[White "Pantsulaia, Levan"]
[Black "Harsha, Bharathakoti"]
[Result "1-0"]
[WhiteTitle "GM"]
[BlackTitle "GM"]
[WhiteElo "2564"]
[BlackElo "2563"]
[WhiteFideId "13602071"]
[BlackFideId "5078776"]
[EventDate "2023.07.30"]
[EventType "k.o."]

1. Nf3 d5 2. c4 d4 3. b4 c5 4. e3 Nf6 5. exd4 cxd4 6. Bb2 e5 7. Nxe5 Nc6 8. Nxc6
bxc6 9. a3 c5 10. Be2 Bd6 11. d3 O-O 12. Nd2 cxb4 13. axb4 Bxb4 14. O-O Qb6 15.
Nb3 Rd8 16. Qc2 Bg4 17. c5 Qe6 18. Bxg4 Nxg4 19. h3 Ne5 20. Bxd4 Nc6 21. Be3 a5
22. Rfd1 Rd7 23. Nd2 Rad8 24. Nc4 Qg6 25. Nd6 Ne5 26. Qe2 Nc6 27. d4 Ne7 28. d5
Bc3 29. Rac1 Bb4 30. Bf4 h6 31. c6 1-0

[Event "FIDE World Cup 2023"]
[Site "Baku AZE"]
[Date "2023.08.01"]
[Round "1.3"]
[White "Ragger, Markus"]
[Black "Wageih, Kareim"]
[Result "1-0"]
[WhiteTitle "GM"]
[BlackTitle "IM"]
[WhiteElo "2624"]
[BlackElo "2369"]
[WhiteFideId "1610856"]
[BlackFideId "10604561"]
[EventDate "2023.07.30"]
[EventType "k.o."]

1. d4 Nf6 2. c4 e6 3. Nf3 c5 4. d5 b5 5. Bf4 b4 6. e4 d6 7. dxe6 Bxe6 8. e5 dxe5
9. Qxd8+ Kxd8 10. Nxe5 Nfd7 11. Nxd7 Kxd7 12. Nd2 Nc6 13. O-O-O Nd4 14. Nb3 Bd6
15. Bxd6 Kxd6 16. Be2 Ke5 17. Nxd4 cxd4 18. Rhe1 Rad8 19. Bg4+ Kf6 20. Bxe6 fxe6
21. Re4 d3 22. Kd2 Rd7 23. Rde1 Rd6 24. c5 Rc6 25. Rc1 Rb8 26. Kxd3 Rb5 27. Rec4
Ke5 28. b3 Kd5 29. Rd4+ Ke5 30. Rd7 Ra5 31. Rc2 Kf6 32. Kd4 h5 33. Rb7 Rc8 34.
Rxb4 Rd8+ 35. Ke3 Rd5 36. c6 Kf5 37. c7 1-0

[Event "FIDE World Cup 2023"]
[Site "Baku AZE"]
[Date "2023.08.01"]
[Round "1.3"]
[White "Amartuvshin, Ganzorig"]
[Black "Iturrizaga Bonelli, Eduardo"]
[Result "0-1"]
[WhiteTitle "IM"]
[BlackTitle "GM"]
[WhiteElo "2407"]
[BlackElo "2617"]
[WhiteFideId "4902548"]
[BlackFideId "3901211"]
[EventDate "2023.07.30"]
[EventType "k.o."]

1. d4 Nf6 2. c4 e6 3. Nf3 b6 4. a3 Bb7 5. Nc3 d5 6. cxd5 Nxd5 7. Qc2 Nxc3 8.
bxc3 Nd7 9. e4 c5 10. Bf4 Be7 11. Bd3 Qc8 12. Qb1 O-O 13. O-O Rd8 14. a4 a6 15.
Rd1 h6 16. Qb2 Nf6 17. Qe2 b5 18. Bd2 Qc6 19. Re1 bxa4 20. Qe3 a3 21. Qf4 cxd4
22. cxd4 Rac8 23. e5 Ne8 24. Qg4 Qa4 25. Be4 Bxe4 26. Rxe4 Qc2 27. Bxh6 Rb8 28.
Ree1 a2 29. Bg5 Rb1 30. Rxa2 Qxa2 31. Bxe7 Rxe1+ 32. Nxe1 Qd2 33. Kf1 Rxd4 34.
Qf3 Rd5 35. Qg3 Qb2 36. f4 a5 37. h4 Qb5+ 38. Kg1 Rd1 39. Qe3 Nc7 40. Qc3 Qe2
41. Qxc7 Qxe1+ 42. Kh2 Qg1+ 0-1

[Event "FIDE World Cup 2023"]
[Site "Baku AZE"]
[Date "2023.08.01"]
[Round "1.3"]
[White "Berkes, Ferenc"]
[Black "Darini, Pouria"]
[Result "1-0"]
[WhiteTitle "GM"]
[BlackTitle "GM"]
[WhiteElo "2615"]
[BlackElo "2412"]
[WhiteFideId "718572"]
[BlackFideId "12502200"]
[EventDate "2023.07.30"]
[EventType "k.o."]

1. d4 Nf6 2. c4 g6 3. Nc3 d5 4. e3 Bg7 5. Qa4+ c6 6. Nf3 O-O 7. Be2 Nbd7 8. cxd5
Nxd5 9. O-O N5b6 10. Qc2 e5 11. Rd1 Qe7 12. e4 exd4 13. Nxd4 Nc5 14. Be3 Re8 15.
f3 f5 16. b4 Ne6 17. Rab1 fxe4 18. fxe4 Nxd4 19. Bxd4 Bxd4+ 20. Rxd4 Be6 21. Qd2
Rad8 22. Rd1 Rxd4 23. Qxd4 Qg7 24. Qxg7+ Kxg7 25. Kf2 Kf6 26. a4 Bb3 27. Ra1 a6
28. a5 Nd7 29. Ke3 Ke5 30. Rb1 Be6 31. Na4 Re7 32. h4 Rf7 33. Nb2 Kd6 34. Rd1+
Kc7 35. Bc4 Re7 36. Bxe6 Rxe6 37. Nd3 Re7 38. Rf1 b6 39. Kd4 bxa5 40. bxa5 Kd6
41. e5+ Kc7 42. g4 h6 43. h5 gxh5 44. gxh5 Rg7 45. e6 c5+ 46. Kc3 c4 47. Kxc4
Rg4+ 48. Kd5 Rg5+ 49. Ke4 Nc5+ 50. Nxc5 Rxc5 51. Rf5 Rc1 52. Rd5 Kc6 53. Rd8 Kc7
54. Rd4 Rh1 55. Rd5 Rh4+ 56. Kd3 Rh3+ 57. Kd4 Rh4+ 58. Kc5 Ra4 59. Rd7+ Kc8 60.
Rh7 Kd8 61. Kd5 Ke8 62. Ke5 Kf8 63. Rxh6 1-0

[Event "FIDE World Cup 2023"]
[Site "Baku AZE"]
[Date "2023.08.01"]
[Round "1.3"]
[White "Bartel, Mateusz"]
[Black "Hesham, Abdelrahman"]
[Result "1/2-1/2"]
[WhiteTitle "GM"]
[BlackTitle "GM"]
[WhiteElo "2614"]
[BlackElo "2414"]
[WhiteFideId "1112635"]
[BlackFideId "10600183"]
[EventDate "2023.07.30"]
[EventType "k.o."]

1. e4 e5 2. Nf3 Nc6 3. Bc4 Bc5 4. c3 Nf6 5. d4 exd4 6. cxd4 Bb4+ 7. Nbd2 d5 8.
exd5 Nxd5 9. O-O O-O 10. a3 Ba5 11. Ne4 Nce7 12. b4 Bb6 13. Bg5 f6 14. Bh4 Kh8
15. Re1 Nf5 16. Bg3 c6 17. Nc5 a5 18. Qb3 axb4 19. axb4 Rxa1 20. Rxa1 Re8 21.
Bxd5 Qxd5 22. Qxd5 cxd5 23. h3 g5 24. Ra8 h5 25. Na4 Bxd4 26. Nxd4 1/2-1/2

[Event "FIDE World Cup 2023"]
[Site "Baku AZE"]
[Date "2023.08.01"]
[Round "1.3"]
[White "Matamoros Franco, Carlos S."]
[Black "Brkic, Ante"]
[Result "0-1"]
[WhiteTitle "GM"]
[BlackTitle "GM"]
[WhiteElo "2441"]
[BlackElo "2608"]
[WhiteFideId "3600017"]
[BlackFideId "14506688"]
[EventDate "2023.07.30"]
[EventType "k.o."]

1. c4 e5 2. g3 Nf6 3. Bg2 Bc5 4. Nc3 c6 5. e3 Bb6 6. d4 exd4 7. exd4 d5 8. cxd5
Nxd5 9. Nxd5 cxd5 10. Ne2 Nc6 11. h3 O-O 12. O-O Bf5 13. Be3 Be4 14. Nc3 Bxg2
15. Kxg2 Re8 16. Qh5 Ne7 17. Qg4 Qc8 18. Rac1 Qxg4 19. hxg4 Rac8 20. Na4 f6 21.
Nc5 Bxc5 22. dxc5 Nc6 23. Rfd1 Rcd8 24. g5 d4 25. Bf4 fxg5 26. Bxg5 Rd5 27. Bd2
a5 28. a3 a4 29. Rc4 Kf7 30. Kf1 h5 31. Bf4 g5 32. Bd6 b5 33. Rc2 Rf5 34. Re2
Rxe2 35. Kxe2 g4 36. Rb1 Rf3 37. Rh1 Kg6 38. Rd1 Rb3 39. Rd2 Kf5 40. Kd1 d3 41.
Kc1 Nd4 42. Rd1 Ne2+ 43. Kd2 Ke4 44. Rb1 Kd5 45. Rh1 Ke4 46. Rb1 Nd4 47. Re1+
Kd5 48. Re5+ Kc6 49. Re3 0-1

[Event "FIDE World Cup 2023"]
[Site "Baku AZE"]
[Date "2023.08.01"]
[Round "1.3"]
[White "Sanchez Alvarez, Roberto Carlos"]
[Black "Safarli, Eltaj"]
[Result "0-1"]
[WhiteTitle "IM"]
[BlackTitle "GM"]
[WhiteElo "2444"]
[BlackElo "2607"]
[WhiteFideId "3508684"]
[BlackFideId "13402129"]
[EventDate "2023.07.30"]
[EventType "k.o."]

1. d4 Nf6 2. c4 e6 3. Nc3 Bb4 4. e3 O-O 5. Bd2 c5 6. a3 Bxc3 7. Bxc3 Ne4 8. Ne2
b6 9. d5 Ba6 10. b3 b5 11. Qc2 exd5 12. cxd5 Nxc3 13. Nxc3 b4 14. axb4 Bxf1 15.
Kxf1 cxb4 16. Ne2 a5 17. Nd4 Na6 18. g3 Rc8 19. Qf5 Rc3 20. Kg2 Nc5 21. Rab1 g6
22. Qf3 Re8 23. h4 h5 24. Rhc1 Ne4 25. Rxc3 Nxc3 26. Ra1 Qb6 27. d6 a4 28. bxa4
b3 29. Qf6 Ne4 30. Qf4 Qb4 31. Rb1 Nd2 32. Rb2 Qc3 33. Rxd2 Qxd2 34. Kh2 b2 35.
Nf5 b1=Q 36. Ne7+ Kg7 37. Kg2 Qdd1 0-1

[Event "FIDE World Cup 2023"]
[Site "Baku AZE"]
[Date "2023.08.01"]
[Round "1.3"]
[White "Gadimbayli, Abdulla"]
[Black "Vokhidov, Shamsiddin"]
[Result "1-0"]
[WhiteTitle "GM"]
[BlackTitle "GM"]
[WhiteElo "2483"]
[BlackElo "2597"]
[WhiteFideId "13404938"]
[BlackFideId "14204223"]
[EventDate "2023.07.30"]
[EventType "k.o."]

1. e4 e5 2. Nf3 Nc6 3. Bc4 Bc5 4. Nc3 Nf6 5. d3 h6 6. a3 a6 7. Be3 d6 8. Nd5
Nxd5 9. Bxd5 Bxe3 10. fxe3 Be6 11. Bxe6 fxe6 12. Qe2 O-O 13. O-O-O d5 14. g4 Qf6
15. Rdf1 Qg6 16. exd5 exd5 17. Nh4 Qe6 18. Kb1 e4 19. d4 Ne7 20. Ng2 Rxf1+ 21.
Rxf1 Rf8 22. Rxf8+ Kxf8 23. Nf4 Qf7 24. Qe1 g5 25. Nh5 Qf3 26. Qg3 Qd1+ 27. Ka2
Qxc2 28. Qe5 Qc4+ 29. Ka1 Ke8 30. Ng7+ Kd7 31. Qe6+ Kd8 32. Qf7 Qc1+ 33. Ka2
Qc4+ 34. Kb1 Qb5 35. Ne6+ Kd7 36. Nc5+ Kd8 37. Qf8+ Qe8 38. Nxb7+ Kd7 39. Nc5+
Kd8 40. Qxh6 Qf7 41. Qxa6 Nc8 42. Ka2 Nb6 43. Qb5 1-0

[Event "FIDE World Cup 2023"]
[Site "Baku AZE"]
[Date "2023.08.01"]
[Round "1.3"]
[White "Acosta, Pablo Ismael"]
[Black "Piorun, Kacper"]
[Result "1-0"]
[WhiteTitle "IM"]
[BlackTitle "GM"]
[WhiteElo "2485"]
[BlackElo "2597"]
[WhiteFideId "124311"]
[BlackFideId "1130420"]
[EventDate "2023.07.30"]
[EventType "k.o."]

1. Nf3 d5 2. d4 Nf6 3. c4 c6 4. e3 Bf5 5. Nc3 e6 6. Be2 Nbd7 7. Nh4 Bg6 8. Nxg6
hxg6 9. Qb3 Qc7 10. h3 Be7 11. Bd2 a5 12. a3 O-O 13. O-O Rab8 14. cxd5 Nxd5 15.
Rac1 Rfc8 16. Bf3 Qd8 17. Ne2 b5 18. e4 a4 19. Qc2 N5b6 20. Bf4 Ra8 21. Rfd1 Nc4
22. Nc3 Bg5 23. Bxg5 Qxg5 24. e5 Qe7 25. g3 Rab8 26. Qe2 Ndb6 27. Ne4 Rd8 28.
Kg2 Na5 29. Nc5 Nbc4 30. Rc3 Rbc8 31. h4 Rxd4 32. Rxd4 Qxc5 33. Re4 Rd8 34. Rd3
Rd5 35. h5 gxh5 36. Bxh5 Nxe5 37. Rxe5 Rxe5 38. Rd8+ Kh7 39. Qd3+ f5 40. Bf3 Qe7
41. Qd1 Qf6 42. Qd7 Re1 43. Qe8 Qxb2 44. Qh5# 1-0